| 000 | 00405nam a22001697a 4500 | ||
|---|---|---|---|
| 005 | 20160629123742.0 | ||
| 008 | 160629b xxu||||| |||| 00| 0 eng d | ||
| 020 | _a0-7619-9768-7 | ||
| 041 | _aeng | ||
| 082 | _b10823 | ||
| 100 |
_aSaraswalthi, T.S. _93175 |
||
| 245 | _aCross- Cultural Perspectives in Human Development | ||
| 260 | _bSage | ||
| 300 | _a388 | ||
| 650 |
_aManagement _9241 |
||
| 942 | _cBK | ||
| 999 |
_c4657 _d4655 |
||